Flor de leyendas

Tallennettuna:
Bibliografiset tiedot
Päätekijä: Casona, Alejandro (Tekijä)
Aineistotyyppi: Kirja
Kieli:espanja
Julkaistu: Ciudad de México Porrúa 1980
Painos:7a. ed
Sarja:Sepan cuantos, 223
Aiheet:
Tagit: Lisää tagi
Ei tageja, Lisää ensimmäinen tagi!

MARC

LEADER 00000nam a2200000 a 4500
001 UCQ7952
003 CL-VaPUC
008 981121e19800000MX |||||||||||||||||spa|d
082 0 4 |a 862  |b CAS  |2 21 
100 0 |a Casona, Alejandro  |e author  |9 421774 
245 1 0 |a Flor de leyendas 
246 1 3 |a La sirena varada 
246 1 3 |a La dama del alba 
246 1 3 |a La barca sin pescador 
250 |a 7a. ed 
300 |a 173 p 
942 |c BK 
945 |d 19981121 00:00:00  |a crobeson 
260 |a Ciudad de México  |b Porrúa  |c 1980 
650 0 |a Teatro español  |9 265077 
650 0 |a Literatura española  |9 306261 
583 |a last modification  |c 19981121 00:00:00  |k Rodrigo Vera 
490 0 |a Sepan cuantos, 223 
999 |c 277326  |d 277324 
952 |0 0  |1 0  |4 0  |6 862_000000000000000_CAS_1980  |7 0  |8 A  |9 315213  |a FDOPOS  |b FDOPOS  |d 2019-11-20  |i 1495216  |o 862 CAS 1980  |p 1495216  |r 2025-01-22  |w 2019-11-20  |y BK  |k MLH